ห้องสมุด วิทยาลัยพยาบาลบรมราชชนนี อุดรธานี Boromarajonani College of Nursing, Udonthani
mysqli: Table './ulib2015/stat_globaluid' is marked as crashed and last (automatic?) repair failed select id from stat_globaluid where statuid='20260418004228_1106' mysqli: Table './ulib2015/stat_globaluid' is marked as crashed and last (automatic?) repair failed DELETE FROM stat_globaluid
WHERE id NOT IN (
SELECT id
FROM (
SELECT id
FROM stat_globaluid
ORDER BY id DESC
LIMIT 100
) foo
); mysqli: Table './ulib2015/stat_globaluid' is marked as crashed and last (automatic?) repair failed insert into stat_globaluid set
statuid='20260418004228_1106',
dt='1776447748',
phpself='/ULIB/dublinfull.php',
agent='Mozilla/5.0 AppleWebKit/537.36 (KHTML, like Gecko; compatible; ClaudeBot/1.0; +claudebot@anthropic.com)',
yea='2026',
mon='4',
dat='18',
ip='216.73.216.55'
LEADER 00566nam 2200193 a 4500
001 9189
003 ULIBM
008 150211sมปป. th m a000 0 tha d
050 4 ^a A ^bป512ว มปป.
245 ^a ^a1111
250 ^a พิมพ์ครั้งที่ 1.
300 ^a 57 หน้า
650 7 ^a โนนกระเบื้อง--ประวัติ:^bโบราณคดี--ภาชนะดินเผา.
710 2 ^a ประสิทธิ์ อุ่นมณี.
945 ^p0^l0^i13764
999 ^aลิขิตลักษณ์
คุณยังไม่ได้ล็อกอิน คุณสามารถมีกิจกรรมร่วมกับเว็บไซต์ได้ แต่ต้องล็อกอินก่อน ::
ลำดับที่
ประเภท
เลขเรียก /บาร์โค้ด
สถานที่
สถานะ
1.
หนังสือภาษาไทย A ป512ว มปป. Barcode: 13764 หนังสือทั่วไป On Shelf [แสดง 1/1 รายการ]
mysqli: Can't create/write to file '/var/tmp/#sql_59d_0.MAI' (Errcode: 2) select * from index_db where titl like '%วิเคราะห์เบื้องต้นภาชนะดินเผา โลหะสำริดและเหล็กแหล่งโบราณคดียุคก่อนประวัติศาสตร์โนนกระเบื้อง ตำบลโนนสูง อำเภอเมือง จังหวัดอุดรธานี / ประสิทธิ์ อุ่นมณี.%' and mid<>'9189' order by rand() limit 3 mysqli: Can't create/write to file '/var/tmp/#sql_59d_0.MAI' (Errcode: 2) select * from index_db where subj like '%โนนกระเบื้อง--ประวัติ: โบราณคดี--ภาชนะดินเผา.%' and mid<>'9189' order by rand() limit 3
ยังไม่เคยถูกคอมเมนท์
คอมเมนท์ทรัพยากรรายการนี้
JavaScript must be enabled in order for you to use Google Maps.
However, it seems JavaScript is either disabled or not supported by your browser.
To view Google Maps, enable JavaScript by changing your browser options, and then
try again.